[Event "SLO-ch U14"]
[Site "Rogaska Slatina"]
[Date "2009.02.27"]
[Round "9"]
[White "Skrlep, Rok"]
[Black "Lucovnik, Tilen"]
[Result "1-0"]
[WhiteElo "1500"]
[BlackElo "1587"]
[PlyCount "131"]
[EventDate "2009.02.22"]
[EventType "swiss"]
[EventRounds "9"]
[EventCountry "SLO"]
[SourceTitle "CBM 129 Extra"]
[Source "ChessBase"]
[SourceDate "2009.05.05"]
[SourceVersion "2"]
[SourceVersionDate "2009.05.20"]
[SourceQuality "1"]

1. e4 e6 2. d4 c5 3. c3 Nf6 4. e5 Nd5 5. Nf3 cxd4 6. cxd4 d6 7. Nc3 Nxc3 8. bxc3 Nc6 9. Bf4 d5 10. Bd3 Be7 11. 0-0 0-0 12. h3 Bd7 13. Qc2 g6 14. Qd2 Re8 15. Rfe1 f5 16. Bg5 Bxg5 17. Qxg5 Qxg5 18. Nxg5 Rac8 19. f4 Nd8 20. Rac1 Nf7 21. Nf3 Rc7 22. Re3 Rec8 23. Be2 Ba4 24. Nd2 Nd8 25. c4 Bc6 26. c5 Bd7 27. Nb3 b6 28. Rec3 Ba4 29. Ba6 Rb8 30. cxb6 Rxc3 31. Rxc3 axb6 32. Kf2 Ra8 33. Be2 Bc6 34. Rc2 Kf7 35. Bd3 Rc8 36. Bb5 Ke7 37. a4 Kd7 38. Ke3 Ra8 39. g4 Bxb5 40. axb5 Nb7 41. Kd3 Ra3 42. Rc3 Na5 43. Nxa5 Rxa5 44. Rb3 Ra1 45. Ke2 fxg4 46. hxg4 Rg1 47. g5 Rg4 48. Kf3 Rh4 49. Kg3 Rh1 50. Ra3 Rb1 51. Ra7+ Ke8 52. Rxh7 Rxb5 53. Rg7 Rb1 54. Rxg6 b5 55. Rxe6+ Kf7 56. Rb6 b4 57. Kg4 b3 58. Kf5 Rd1 59. Rxb3 Rxd4 60. Rb7+ Kf8 61. e6 Re4 62. Rd7 Rd4 63. Ke5 Rd1 64. Rxd5 Re1+ 65. Kf6 Ke8 66. g6 1-0

[Event "SLO-ch U14"]
[Site "Rogaska Slatina"]
[Date "2009.02.23"]
[Round "3"]
[White "Copi, Ambroz"]
[Black "Skrlep, Rok"]
[Result "1/2-1/2"]
[WhiteElo "1554"]
[BlackElo "1500"]
[PlyCount "33"]
[EventDate "2009.02.22"]
[EventType "swiss"]
[EventRounds "9"]
[EventCountry "SLO"]
[SourceTitle "CBM 129 Extra"]
[Source "ChessBase"]
[SourceDate "2009.05.05"]
[SourceVersion "2"]
[SourceVersionDate "2009.05.20"]
[SourceQuality "1"]

1. d4 d5 2. Nf3 Nf6 3. c4 c6 4. Nc3 Bf5 5. Qb3 Qd7 6. Ne5 dxc4 7. Qxc4 Qe6 8. Qxe6 Bxe6 9. e4 Nbd7 10. Bf4 g6 11. Be2 Bg7 12. Nxd7 Bxd7 13. e5 Nd5 14. Nxd5 cxd5 15. Rc1 f6 16. 0-0 fxe5 17. Bxe5 1/2-1/2

[Event "SLO-ch U14"]
[Site "Rogaska Slatina"]
[Date "2009.02.22"]
[Round "1"]
[White "Koscak, Jan"]
[Black "Skrlep, Rok"]
[Result "1-0"]
[WhiteElo "1603"]
[BlackElo "1500"]
[PlyCount "81"]
[EventDate "2009.02.22"]
[EventType "swiss"]
[EventRounds "9"]
[EventCountry "SLO"]
[SourceTitle "CBM 129 Extra"]
[Source "ChessBase"]
[SourceDate "2009.05.05"]
[SourceVersion "2"]
[SourceVersionDate "2009.05.20"]
[SourceQuality "1"]

1. d4 d5 2. c4 dxc4 3. e3 Bf5 4. Qf3 Bc8 5. Bxc4 Nf6 6. Nc3 Nc6 7. Nd5 Be6 8. Nxf6+ exf6 9. Bb5 Bb4+ 10. Bd2 Bxd2+ 11. Kxd2 Bd7 12. Qe4+ Qe7 13. Qxe7+ Nxe7 14. Bxd7+ Kxd7 15. Ne2 Rac8 16. Rac1 b6 17. Nf4 g5 18. Nd3 h5 19. Rc2 Nf5 20. Nb4 c5 21. dxc5 Rxc5 22. Rxc5 bxc5 23. Nd5 Ke6 24. Nc3 Rd8+ 25. Ke2 Nd6 26. Rd1 Rd7 27. Na4 Nb7 28. Rxd7 Kxd7 29. Kd3 Kd6 30. Kc4 Kc6 31. Nc3 Nd6+ 32. Kd3 f5 33. e4 f6 34. exf5 Nxf5 35. Ne4 h4 36. Nxf6 Kb5 37. Ne4 g4 38. Kc3 a5 39. a4+ Kxa4 40. Kc4 h3 41. Nxc5# 1-0

[Event "SLO-ch U14"]
[Site "Postojna"]
[Date "2008.02.28"]
[Round "6"]
[White "Skrlep, Rok"]
[Black "Skvorc, Ziga"]
[Result "0-1"]
[WhiteElo "1511"]
[BlackElo "1559"]
[PlyCount "58"]
[EventDate "2008.02.24"]
[EventType "swiss"]
[EventRounds "9"]
[EventCountry "SLO"]
[SourceTitle "EXT 2010"]
[Source "ChessBase"]
[SourceDate "2010.11.25"]
[SourceVersion "1"]
[SourceVersionDate "2010.11.25"]
[SourceQuality "1"]

1. e4 e5 2. Nf3 Nc6 3. Bc4 Nf6 4. Ng5 d5 5. exd5 Nd4 6. d6 Qxd6 7. Bxf7+ Ke7 8. Bb3 Nxb3 9. axb3 h6 10. Nf3 Bg4 11. h3 Bh5 12. g4 Bg6 13. 0-0 h5 14. Nh4 Kf7 15. g5 Nh7 16. Qf3+ Kg8 17. d3 Be7 18. Qg3 Qe6 19. Kh2 Bd6 20. Kh1 Rf8 21. Rxa7 e4 22. f4 exf3 23. Qf2 Qxh3+ 24. Kg1 Bg3 25. Nxg6 Bxf2+ 26. Rxf2 Qg3+ 27. Kf1 Re8 28. Nc3 Qh3+ 29. Kg1 Re1+ 0-1

[Event "SLO-ch U12"]
[Site "Murska Sobota"]
[Date "2007.03.02"]
[Round "9"]
[White "Skrlep, Rok"]
[Black "Petrovcic, Peter"]
[Result "1-0"]
[WhiteElo "1500"]
[BlackElo "1500"]
[PlyCount "41"]
[EventDate "2007.02.25"]
[EventType "swiss"]
[EventRounds "9"]
[EventCountry "SLO"]
[SourceTitle "CBM 117 Extra"]
[Source "ChessBase"]
[SourceDate "2007.05.09"]
[SourceVersion "1"]
[SourceVersionDate "2007.05.09"]
[SourceQuality "1"]

1. e4 e5 2. Nf3 Nc6 3. Bc4 d6 4. h3 Be7 5. Nc3 Nf6 6. 0-0 0-0 7. d3 h6 8. Bd2 Be6 9. Bb3 d5 10. exd5 Nxd5 11. Re1 Nxc3 12. Bxc3 Bxb3 13. axb3 f6 14. d4 exd4 15. Nxd4 Nxd4 16. Qxd4 a6 17. Qxd8 Bxd8 18. Bb4 Rf7 19. Rad1 c6 20. Re8+ Kh7 21. Rdxd8 1-0

[Event "SLO-ch U12"]
[Site "Murska Sobota"]
[Date "2007.02.25"]
[Round "1"]
[White "Koscak, Jan"]
[Black "Skrlep, Rok"]
[Result "0-1"]
[WhiteElo "1530"]
[BlackElo "1500"]
[PlyCount "53"]
[EventDate "2007.02.25"]
[EventType "swiss"]
[EventRounds "9"]
[EventCountry "SLO"]
[SourceTitle "CBM 117 Extra"]
[Source "ChessBase"]
[SourceDate "2007.05.09"]
[SourceVersion "1"]
[SourceVersionDate "2007.05.09"]
[SourceQuality "1"]

1. e4 e5 2. d4 exd4 3. Qxd4 Nc6 4. Qe3 Qe7 5. Nc3 Nf6 6. Bc4 d6 7. Bd2 Bg4 8. Nd5 Nxd5 9. exd5 Qxe3+ 10. fxe3 Ne5 11. Bb3 g6 12. h3 Bf5 13. 0-0-0 Be4 14. Rh2 Bg7 15. Rf1 0-0 16. Nf3 Rfe8 17. Bc3 Bh6 18. Bd4 c5 19. dxc6 Nxc6 20. Nd2 Bf5 21. g4 Be6 22. Re2 Bxb3 23. Nxb3 Nxd4 24. Nxd4 Bxe3+ 25. Kd1 Bxd4 26. Rd2 Be5 27. b3 0-1